Random Starting Ideologies to Country HOI4 - Statistics

General Stats
  • This quiz has been taken 830 times
  • The average score is 15 of 20
Answer Stats
Question Answer % Correct
Germany Fascist
96%
Italy Fascist
96%
New Zealand Democratic
95%
Iran Non-aligned
95%
Soviet Union Communist
94%
Luxembourg Democratic
94%
France Democratic
94%
Mongolia Communist
93%
Canada Democratic
93%
United States Democratic
93%
Bhutan Non-aligned
93%
Saudi Arabia Non-aligned
93%
Tannu Tuva Communist
92%
Belgium Democratic
92%
United Kingdom Democratic
91%
Yemen Non-aligned
91%
Tibet Non-aligned
90%
Oman Non-aligned
90%
Japan Fascist
89%
Turkey Non-aligned
89%
Afghanistan Non-aligned
89%
Manchukuo Fascist
88%
Ethiopia Non-aligned
88%
Guangxi Clique Non-aligned
88%
Australia Democratic
87%
Sweden Democratic
86%
Bulgaria Non-aligned
86%
Nepal Non-aligned
86%
Iraq Non-aligned
86%
China Non-aligned
85%
Denmark Democratic
84%
Albania Non-aligned
84%
Czechoslovakia Democratic
83%
Netherlands Democratic
83%
Ireland Democratic
82%
Philippines Democratic
82%
Shanxi Non-aligned
82%
Hungary Non-aligned
81%
Finland Non-aligned
81%
Xibei San Ma Non-aligned
80%
Yunnan Non-aligned
80%
People's Republic of China Communist
79%
South Africa Democratic
78%
Norway Democratic
78%
Mengkukuo Fascist
77%
Switzerland Democratic
76%
Yugoslavia Non-aligned
76%
Liberia Democratic
75%
Poland Non-aligned
75%
Siam Non-aligned
75%
Portugal Non-aligned
75%
Argentina Non-aligned
73%
Spain Democratic
72%
Latvia Non-aligned
72%
Estonia Non-aligned
71%
Sinkiang Communist
70%
Panama Democratic
70%
Lithuania Non-aligned
67%
Venezuela Fascist
66%
Mexico Non-aligned
62%
Austria Non-aligned
62%
British Malaya Democratic
59%
Costa Rica Democratic
56%
Haiti Democratic
55%
British Raj Non-aligned
55%
Dutch East Indies Democratic
54%
Colombia Democratic
54%
Peru Fascist
54%
Cuba Democratic
53%
El Salvador Fascist
53%
Ecuador Democratic
50%
Chile Democratic
49%
Honduras Democratic
47%
Greece Non-aligned
47%
Guatemala Non-aligned
47%
Nicaragua Non-aligned
47%
Uruguay Democratic
46%
Paraguay Communist
39%
Romania Democratic
39%
Dominican Republic Fascist
39%
No matching quizzes found
Score Distribution
Percent of People with Each Score
Percentile by Number Answered
Your Score History
You have not taken this quiz